Вестник ИМСИТа (Запись № 2835124)

Подробности
000 -МАРКЕР
контрольное поле 02348nas1a22003611 4500
001 - ИДЕНТИФИКАТОР ЗАПИСИ
контрольное поле RU\NLR\Per\889155
005 - ИДЕНТИФИКАТОР ВЕРСИИ
контрольное поле 20260407233519.0
011 ## - МЕЖДУНАРОДНЫЙ СТАНДАРТНЫЙ НОМЕР СЕРИАЛЬНОГО ИЗДАНИЯ (ISSN)
Номер (ISSN) 1815-9826
035 ## - ДРУГИЕ СИСТЕМНЫЕ НОМЕРА
Идентификатор записи (NLR Aleph) 003131255
100 ## - ДАННЫЕ ОБЩЕЙ ОБРАБОТКИ
Данные общей обработки 20251130 rusy50
101 0# - ЯЗЫК РЕСУРСА
Язык текста, звукозаписи и т.д. русский
102 ## - СТРАНА ПУБЛИКАЦИИ ИЛИ ПРОИЗВОДСТВА
Страна публикации Российская Федерация
110 ## - ПОЛЕ КОДИРОВАННЫХ ДАННЫХ: ПРОДОЛЖАЮЩИЕСЯ РЕСУРСЫ
Кодированные данные продолжающегося ресурса ayu||||0|y0
200 1# - ЗАГЛАВИЕ И СВЕДЕНИЯ ОБ ОТВЕТСТВЕННОСТИ
Основное заглавие Вестник ИМСИТа
Параллельное заглавие Vestnik IMSIT
Сведения, относящиеся к заглавию научно-информационный и учебно-методический журнал
210 ## - ПУБЛИКАЦИЯ, РАСПРОСТРАНЕНИЕ И ДР.
Место издания, распространения и т.д. Краснодар
Имя издателя, распространителя и т. д. Академия ИМСИТ
Дата издания, распространения и т.д. 2002 -
311 ## - ПРИМЕЧАНИЯ, ОТНОСЯЩИЕСЯ К ПОЛЯМ СВЯЗИ (ПРИМЕЧАНИЯ О СВЯЗИ С ДРУГИМИ ПРОИЗВЕДЕНИЯМИ (ИЗДАНИЯМИ))
Текст примечания Ранее выходил как: Институт маркетинга и социально-информационных технологий. (Краснодар). Вестник ИМСИТа
430 #0 - ПРОДОЛЖЕН
Встроенное поле 001RU\NLR\INFOCOMM10\1000196601
-- 2001#$aВестник ИМСИТа
-- 71002$3RU\NLR\AUTH\8810021511$aИнститут маркетинга и социально-информационных технологий$cКраснодар
Системный номер (АБИС) связанной записи 2219039
Автор Институт маркетинга и социально-информационных технологий (Краснодар)
Место публикации Краснодар
Дата публикации 1998 - 2002
Имя издателя, распространителя и т.д. Б. и.
Сведения, относящиеся к заглавию Науч.-информ. и учеб.-метод. журн. Ин-та маркетинга и социал.-информ. технологий
Заглавие Вестник ИМСИТа
ISSN 1815-9826
510 1# - ПАРАЛЛЕЛЬНОЕ ЗАГЛАВИЕ
Параллельное заглавие Vestnik IMSIT
Язык заглавия английский
710 02 - НАИМЕНОВАНИЕ ОРГАНИЗАЦИИ - ПЕРВИЧНАЯ ОТВЕТСТВЕННОСТЬ
Начальный элемент ввода Академия маркетинга и социально-информационных технологий
Идентифицирующий признак Краснодар
Идентификатор авторитетной/нормативной записи RU\NLR\AUTH\8810159861
Системный номер авторитетной/нормативной записи 815297
801 #0 - ИСТОЧНИК ЗАПИСИ
Страна Российская Федерация
Организация NLR
Дата составления 20120927
Правила каталогизации psbo
801 #1 - ИСТОЧНИК ЗАПИСИ
Страна Российская Федерация
Организация NLR
Дата составления 20120927
Источник данных rusmarc
852 ## - МЕСТОНАХОЖДЕНИЕ И ШИФР ХРАНЕНИЯ
Идентификатор организации NLR
Шифр хранения (Call Number) П23/4692
942 ## - ДОПОЛНИТЕЛЬНЫЕ ЭЛЕМЕНТЫ ЗАПИСИ (АБИС)
Тип экземпляра АБИС Журнал
980 ## - КОЛЛЕКЦИЯ
Название коллекции Национальная библиография
980 ## - КОЛЛЕКЦИЯ
Название коллекции Русская периодика

Нет доступных экземпляров.